000 00577nam a2200205Ia 4500
005 20250923145228.0
008 008 250917s9999 xx 000 0 eng d
037 _aTextual
040 _aDSWL
_beng
_cDSWL
041 _aeng
_2eng
084 _aYotYX, N66;3
_qDSWL
100 _aLeonard, Peter
_9833116
245 0 _aSociology in Social Work
_cby Peter Leonard
260 _aLondon
_bRoutledge & Kegan Paul
_c1966
300 _ax,298p.
365 _aINR
_b7 .6
925 _g7 .6
942 _cTEXL
_hYotYX, N66;3
999 _c1448707
_d1448707